Catálogo
 En Linea

2da. muestra cultural Japón-República Dominicana : (Registro nro. 52117)

Detalles MARC
000 -CABECERA
campo de control de longitud fija 00816nam a2200217 a 4500
001 - NÚMERO DE CONTROL
campo de control 000030901
003 - IDENTIFICADOR DEL NÚMERO DE CONTROL
campo de control DO-SdBNP
005 - FECHA Y HORA DE LA ÚLTIMA TRANSACCIÓN
campo de control 20220713101613.0
007 - CAMPO FIJO DE DESCRIPCIÓN FÍSICA--INFORMACIÓN GENERAL
campo de control de longitud fija ta
008 - DATOS DE LONGITUD FIJA--INFORMACIÓN GENERAL
campo de control de longitud fija 110606s2019 dr ac r 000 0 spa d
040 ## - FUENTE DE LA CATALOGACIÓN
Centro catalogador/agencia de origen DO-SdBNP
Lengua de catalogación spa
Centro/agencia transcriptor BNPHU
082 #4 - NÚMERO DE LA CLASIFICACIÓN DECIMAL DEWEY
Número de edición 22
111 2# - ENTRADA PRINCIPAL--NOMBRE DE CONGRESO/REUNIÓN
Nombre de congreso/reunión o jurisdicción como elemento de entrada Exposición nacional de mu;ecas
Fecha del congreso/reunión (2019:
Sede del congreso/Lugar de la reunión Santo Domingo
Número del congreso/reunión o número de parte o sección 8 de agosto 2019 )
9 (RLIN) 57422
245 10 - MENCIÓN DE TÍTULO
Título 2da. muestra cultural Japón-República Dominicana :
Resto del título exposición de muñecas ciclo de cine, charlas, talleres y poesía tanka
246 ## - FORMA VARIANTE DE TÍTULO
Título propio/Titulo breve Segunda muestra cultural Japón-República Dominicana :
Resto del título exposición de muñecas ciclo de cine, charlas, talleres y poesía tanka
260 ## - PUBLICACIÓN, DISTRIBUCIÓN, ETC.
Lugar de publicación, distribución, etc. Santo Domingo :
Nombre del editor, distribuidor, etc. Banreservas,
Fecha de publicación, distribución, etc. 2019.
300 ## - DESCRIPCIÓN FÍSICA
Extensión 22 p. :
Dimensiones 22 cm.
Otras características físicas il. ;
590 ## - NOTA LOCAL (RLIN)
Nota local Inventariado, 2022 / DG
910 ## - DATOS DE OPCIÓN DEL USUARIO (OCLC)
Datos de opción del usuario DG
942 ## - ELEMENTOS DE PUNTO DE ACCESO ADICIONAL (KOHA)
Fuente del sistema de clasificación o colocación Dewey Decimal Classification
Tipo de ítem Koha Libro
Existencias
Estado de retiro Estado de pérdida Fuente del sistema de clasificación o colocación Restricciones de uso No para préstamo Código de colección Localización permanente Ubicación/localización actual Ubicación en estantería Fecha de adquisición Fuente de adquisición Código de barras Fecha visto por última vez Precio válido a partir de Tipo de ítem Koha Número de copia Total de préstamos
    Dewey Decimal Classification Excluido de préstamo   Patrimonio Dominicano Biblioteca Nacional Pedro Henríquez Ureña Biblioteca Nacional Pedro Henríquez Ureña En catalogación 28.06.2022 Deposito Legal 2022-3229 28.06.2022 28.06.2022 Folleto e.2  
    Dewey Decimal Classification Préstamo en sala   Dominicana de Servicio Biblioteca Nacional Pedro Henríquez Ureña Biblioteca Nacional Pedro Henríquez Ureña En catalogación 13.07.2022 Depósito Legal 2022-3423 13.07.2022 13.07.2022 Libro e.3  
    Dewey Decimal Classification Excluido de préstamo   Patrimonio Dominicano Biblioteca Nacional Pedro Henríquez Ureña Patrimonio Dominicano En catalogación 28.06.2022 Depósito Legal 2022-3227 28.06.2022 28.06.2022 Libro    

Con tecnología Koha